000 00636nam a2200193Ii 4500
003 JO-AjNU
008 230605s9999||||xx |||||||||||||| ||und||
040 _aJO-AjNU
_bara
_erda
_cJO-AjNU
041 _aara
050 1 4 _aBP135.M8388 1999
100 3 _aالمفتي، محمد كختار ضرار,
_eauthor
_911920
245 0 0 _aمحاضرات في علوم الحديث
264 3 1 _aعمان: دار الفردوس، 1999
300 _a389ص
336 _atext
_btxt
_2rdacontent
337 _aunmediated
_bn
_2rdamedia
338 _avolume
_bnc
_2rdacarrier
650 4 _aالاسلام - الحديث النبوي الشريف
_911921
999 _aA2572
_c6140
_d6140